000 00887nam a2200277 i 4500
003 DO-SdBNP
005 20250527154306.0
007 ta
008 250527b2025 dr a|||| |||| 00| 0 spa d
020 _a9789945292541
040 _aDO-SdBNP
_bspa
_cBNPHU
_erda
041 _aspa
082 4 _axxx
_bxxx
_222
100 _aVásquez, Mary
_eautor
_4aut.
_987716
245 1 0 _aDel sueño a la acción /
_cMary Vásquez ; edición y diagramación, Máximo Castro
264 1 _aSanto Domingo :
_bEditor no identificado,
_c2025.
300 _a73 páginas ;
_c22 cm.
336 _atexto
_btxt
_2rdacontent
337 _asin mediación
_bn
_2rdamedia
338 _avolumen
_bnc
_2rdacarrier
500 _aIncluye datos biográficos del autor en la páginas 71-72
590 _aInventariado, 2025/BT
700 _aCastro, Máximo,
_eeditor
_4ed.
_987548
910 _aBtavárez
942 _2ddc
_cLBS1
999 _c58980
_d58980